El planeamiento en el Brasil (Registro nro. 16117)

Detalles MARC
000 -LEADER
fixed length control field 00318 a2200109 4500
001 - CONTROL NUMBER
control field ART_2990
005 - DATE AND TIME OF LATEST TRANSACTION
control field 20260410161711.0
008 - FIXED-LENGTH DATA ELEMENTS--GENERAL INFORMATION
fixed length control field 260409a
100 1# - MAIN ENTRY--PERSONAL NAME
Personal name Lafer, Celso
245 10 - TITLE STATEMENT
Title El planeamiento en el Brasil
773 0# - HOST ITEM ENTRY
Title Desarrollo económico
Related parts - Vol. 10, Nº 39/40 (ene./mar. 1971)
Record control number REV1174

No hay ítems disponibles.